Fill-in-the-Blank U2 Song Titles - Statistics

General Stats
  • This quiz has been taken 58 times
  • The average score is 9 of 12
Answer Stats
% Correct
I Still Haven't Found What I'm {Looking} {For}
100%
Sunday {Bloody} Sunday
98%
Where the Streets have {No} {Name}
94%
{Pride} (In the Name of Love)
84%
{New} {Year}'s Day
80%
When {Love} Comes to Town
72%
{Bullet} the Blue Sky
66%
I Will {Follow}
60%
{Red} {Hill} Mining Town
52%
Sometimes You Can't {Make} {it} {on} {Your} {Own}
52%
{Sweetest} Thing
52%
The Miracle of {Joey} {Ramone}
42%
No matching quizzes found
Score Distribution
Percent of People with Each Score
Percentile by Number Answered
Your Score History
You have not taken this quiz